• 首页
  • 本馆介绍
  • 公告通知
  • 最新文献
  • 馆藏检索
  • 电子资源
  • 读者导购
  • 参考咨询
  • 我的图书馆
  • 登录
  • 详细信息显示
  • 放入我的书架
  • 预约/预借图书
  • 作者相关作品
  • 分类相关作品
  • 丛书相关作品
  • 出版社相关作品

书目信息

  • 表格格式
  • 工作单格式
  • 卡片格式
题名:
大学物理学
    
 
作者: 张三慧 编著
分册:   热学、光学、量子物理
出版信息: 北京   清华大学出版社  2009.02
页数: 12, 480页
开本: 26cm
丛书名:
单 册:
中图分类: O4 , O551
科图分类:
主题词: 物理学--wu li xue--高等学校--教材 , 热学--re xue--高等学校--教材 , 光学--guang xue--高等学校--教材 , 量子力学--liang zi li xue--高等学校--教材 , 物理学--wu li xue , 热学--re xue , 光学--guang xue , 量子力学--liang zi li xue
电子资源:
ISBN: 978-7-302-19343-2
000 01332nam0 2200349 450
001 2030318368
005 20201122090748.66
010    @a978-7-302-19343-2@dCNY58.00
100    @a20090410e20192009em y0chiy50 ea
101 0  @achi
102    @aCN@b110000
105    @aa z 001yy
106    @ar
200 1  @a大学物理学@9da xue wu li xue@i热学、光学、量子物理@f张三慧编著
205    @a3版
210    @a北京@c清华大学出版社@d2009.02@h2019.11
215    @a12, 480页@c图@d26cm
300    @a普通高等教育“十一五”国家级规划教材
330    @a本书分三部分:热学部分包括温度和气体动理论,热力学第一和第二定律;光学部分在讲了波动光学的光的干涉、衍射、偏振等规律之后,也讲了几何光学的基本知识;量子物理部分包括微观粒子的二象性、薛定谔方程、原子中的电子能态、分子的结构和能级、固体中电子的能态、量子统计的基本概念和核物理的基础知识。
606 0  @a物理学@9wu li xue@x高等学校@j教材
606 0  @a热学@9re xue@x高等学校@j教材
606 0  @a光学@9guang xue@x高等学校@j教材
606 0  @a量子力学@9liang zi li xue@x高等学校@j教材
606 0  @a物理学@9wu li xue
606 0  @a热学@9re xue
606 0  @a光学@9guang xue
606 0  @a量子力学@9liang zi li xue
690    @aO4@v5
690    @aO551@v5
701  0 @a张三慧@9zhang san hui@c(物理学)@4编著
801  0 @aCN@bBJSZM@c20201120
905    @b1242655-8@dO4@e1185=3@f4
    
    大学物理学.热学、光学、量子物理/张三慧编著.-3版.-北京:清华大学出版社,2009.02(2019.11)
    12, 480页:图;26cm
    普通高等教育“十一五”国家级规划教材
    
    ISBN 978-7-302-19343-2:CNY58.00
    本书分三部分:热学部分包括温度和气体动理论,热力学第一和第二定律;光学部分在讲了波动光学的光的干涉、衍射、偏振等规律之后,也讲了几何光学的基本知识;量子物理部分包括微观粒子的二象性、薛定谔方程、原子中的电子能态、分子的结构和能级、固体中电子的能态、量子统计的基本概念和核物理的基础知识。
●
相关链接 在E读中查询图书 在五车中查询图书 在当当中查询图书 在豆瓣中查询图书


正题名:大学物理学     索取号:O4/1185=3         预约/预借

序号 登录号 条形码 馆藏地/架位号 状态 备注
1 1242655   212426551   第二样本阅览室/ [索取号:O4/1185=3] 在馆    
2 1242656   212426560   第三借阅区/ [索取号:O4/1185=3] 在馆    
3 1242657   212426579   第三借阅区/ [索取号:O4/1185=3] 在馆    
4 1242658   212426588   第三借阅区/ [索取号:O4/1185=3] 在馆    
唐山师范学院图书馆 欢迎您!
大连网信软件有限公司© 版权所有